000 00546nam a2200217Ia 4500
003 OSt
005 20220926035515.0
006 a|||||r|||| 00| 0
007 ta
008 220923b |||||||| |||| 00| 0 eng d
037 _cGeneral Book
040 _aRTL
_cRTL
_beng
041 _2eng
_aeng
082 _aX:8F, J9
100 _aDepaula F. Clive
_9342394
245 0 _aManagement accounting in practice
260 _c1959
650 _aBudgeting
942 _hX:8F, J9
_cGB
_2CC
999 _c662390
_d662390